Para el corazón que no duda (Registro nro. 54138)

Detalles MARC
000 -ENCABEZADO
Número de control [NR] 01027nam a2200265Ia 4500
005 - FECHA Y HORA DE LA ÚLTIMA TRANSACCIÓN
control field 20211111074907.0
008 - DE LONGITUD FIJA DE DATOS DE ELEMENTOS - INFORMACIÓN GENERAL
Elementos de longitud fija [NR] 130821s2005 ck gr spa
020 ## - NUMERO INTERNACIONAL NORMALIZADO PARA LIBROS [R]
Número Internacional Normalizado del libro [NR] 9586704491
040 ## - FUENTE DE CATALOGACION [NR]
Agencia de catalogación original [NR] CO-BoUCM
Idioma de catalogación [NR] spa
Quien Cataloga Jose A. Gerena (modificó)
Quien Clasifica Jose A. Gerena (modificó)
041 00 - CODIGO DE IDIOMA [R]
Código de idioma para texto/pista de sonido o título separado [R] Español
245 00 - MENCION DE TITULO [NR]
Título [NR] Para el corazón que no duda
Parte restante del título [NR] Breve antología del haikú Japonés
Mención de responsabilidad, etc. [NR] [compiladores] Javier Tafur González, Rodrigo Escobar Holguín,
250 ## - MENCION DE EDICION [NR]
Mención de edición [NR] 2a ed
260 ## - PUBLICACION, DISTRIBUCION, ETC. (PIE DE IMPRENTA) [R]
Lugar de publicación, distribución, etc. [R] Cali (Valle, Colombia)
Nombre del editor, distribuidor, etc. [R] Universidad del Valle
Fecha de publicación, distribución, etc. [R] 2005
300 ## - DESCRIPCION FISICA [R]
Extensión [R] 371 páginas
490 ## - MENCION DE SERIE [R]
Mención de serie [R] Colección artes y humanidades
-- Antología
500 ## - NOTA GENERAL [R]
Nota general [NR] Incluye cronología.
650 #7 - ASIENTO SECUNDARIO DE MATERIA - TERMINO TEMATICO [R]
Término temático o nombre geográfico como elemento de entrada [NR] Haiku
Subdivisión general [R] Colecciones
9 (RLIN) 77456
650 #7 - ASIENTO SECUNDARIO DE MATERIA - TERMINO TEMATICO [R]
Término temático o nombre geográfico como elemento de entrada [NR] Poesía japonesa
Subdivisión general [R] Colecciones
9 (RLIN) 77457
650 #7 - ASIENTO SECUNDARIO DE MATERIA - TERMINO TEMATICO [R]
Término temático o nombre geográfico como elemento de entrada [NR] Poesía
9 (RLIN) 21773
690 #0 - ASUNTO AGREGADO LOCAL DE ENTRADA - TÉRMINO TEMÁTICO (OCLC, RLIN)
Acceso temático local Literatura oriental
9 (RLIN) 18717
700 ## - ASIENTO SECUNDARIO - NOMBRE PERSONAL [R]
Nombre personal [NR] Escobar Holguín, Rodrigo
Término de relación [R] compilador
9 (RLIN) 77458
700 ## - ASIENTO SECUNDARIO - NOMBRE PERSONAL [R]
Nombre personal [NR] Tafur González, Javier
Término de relación [R] compilador
9 (RLIN) 156202
942 ## - ELEMENTOS DE ENTRADA AGREGADOS (KOHA)
Tipo de ítem principal el descrito en 300a Libro
Tema principal [No clasificado]
Edición 2
Sistema de clasificación DEWEY
Clasificación 895.61
Parte restante de la signatura top. P221p
Título oculto en OPAC No
Existencias
Fecha de último préstamo Total préstamos Total Renewals Signatura topográfica Código de barras Última vez visto Volúmen / Fascículo Ejemplar Price effective from Tipo de ítem Perdido Sistema de clasificación Dañado No prestable Tipo de ítem específico Suprimido Ubicación habitual Ubicación actual Localización Fecha de creación Forma de adquisición Costo
30/09/2024 3 4 895.61 P221p 100087421 09/12/2025 2a.Ed. Ej.1 03/02/2013 Libro   DEWEY     Libro   Claustro Claustro 2do piso 28/02/2013 Donación 26000.00